| 000 | 00798na a2200253 4500 | ||
|---|---|---|---|
| 001 | 14003 | ||
| 003 | MIRAKIL | ||
| 005 | 20181213154817.0 | ||
| 008 | 160823b tu 000 0 | ||
| 020 | _a9786055493240 | ||
| 040 |
_aMilas _btur _cTR-AnCHP |
||
| 082 |
_a741.5 _bM25y |
||
| 090 | _a741.5 M25y [t.y.] | ||
| 100 | _aManun, Şeref | ||
| 245 |
_aYiğit Adana'nın kahraman anası kılavuz Hatice _bToros kartalı _csenaryo: Suat Turgut ; çizen: Şeref Manun ; yayına hazırlayan:Suat Yılmaz |
||
| 246 | _aToros kartalı | ||
| 260 |
_aİstanbul _b2023 Yayıncılık _c[t. y.] |
||
| 300 |
_a32 s. _brnk. res. _c24 sm. |
||
| 490 |
_aKurtuluş Savaşı kadın kahramanlar _v4 |
||
| 650 |
_aÇizgi Roman _xTürk |
||
| 700 | _aYılmaz, Suat | ||
| 700 | _aTurgut, Suat | ||
| 942 |
_2dcc _cBKS |
||
| 999 |
_c1274 _d1274 |
||